| 000 | 00879nam a2200277 a 4500 | ||
|---|---|---|---|
| 001 | 73980 | ||
| 003 | BD-RjUL | ||
| 005 | 20211209082453.0 | ||
| 008 | 041217s2013 ii b 001 0 eng d | ||
| 020 | _a9788131730577 | ||
| 020 | _a8131730573 | ||
| 035 | _a(BD-RjUL)74198 | ||
| 040 |
_aDKAGE _beng _cDKAGE _dOCLCO _dDLC _dBD-RjUL |
||
| 041 | _aeng | ||
| 082 | 0 | 4 |
_a327.54 _223 _bDUI 2013 |
| 100 | 1 |
_aDubey, Muchkund. _9219613 |
|
| 245 | 1 | 0 |
_aIndia's foreign policy : _bcoping with the changing world / _cMuchkund Dubey. |
| 260 |
_aDelhi : _bPearson, _cc2013. |
||
| 300 |
_axiv, 306 p. ; _c25 cm. |
||
| 490 | 0 | _aIndia and the world | |
| 500 | _aImprint on t.p. verso: Noida : Dorling Kindersley (India). | ||
| 504 | _aIncludes bibliographical references and index. | ||
| 651 | 0 |
_aIndia _xForeign relations _y1984- _9219614 |
|
| 942 |
_2ddc _cBK |
||
| 999 |
_c73980 _d73980 |
||